Marguerite Yourcenar : (Registro nro. 37211)

Detalles MARC
000 -CABECERA
Longitud fija campo de control 00843nam a2200253ua 4500
003 - • IDENTIFICADOR DELl NÚMERO DE CONTROL
Identificador del número de control CO-ViMGA
005 - • FECHA Y HORA DE LA ÚLTIMA TRANSACCIÓN
Fecha y hora de la última transacción 20230915233609.0
008 - • CÓDIGOS DE INFORMACIÓN DE LONGITUD FIJA
Códigos de información de longitud fija 070704s2007 ck gr 00010bspa d
020 ## - • NÚMERO INTERNACIONAL NORMALIZADO PARA LIBROS
Número Internacional Normalizado para Libros (ISBN) 9789583020506
040 ## - FUENTE DE LA CATALOGACIÓN
Centro catalogador de origen CO-ViMGA
Lengua de catalogación spa
Centro transcriptor CO-ViMGA
082 04 - • NÚMERO DE LA CLASIFICACIÓN DECIMAL DEWEY
Número de clasificación (R) 928.44
Número del ítem Y68r
Número de edición 21
100 1# - • PUNTO DE ACCESO PRINCIPAL-NOMBRE DE PERSONA
Nombre de persona Reyes, Carlos Jos,̌
Fechas asociadas al nombre 1941-
245 10 - • TITULO PROPIAMENTE DICHO
Título Marguerite Yourcenar :
Resto del título memoria del mundo /
Mención de responsabilidad, etc. Carlos Jose Řeyes.
250 ## - • MENCIÓN DE EDICIÓN
Mención de edición Edición Javier R. Mahecha Lop̤ez.
300 ## - • DESCRIPCIÓN FÍSICA
Extensión 178 p. ;
Dimensiones 21 cm.
490 0# - • MENCIÓN DE SERIE
Mención de serie Coleccin̤ personajes.
504 ## - • NOTA DE BIBLIOGRAFÍA, ETC
Nota de bibliografía, etc. Incluye bibliografa̕.
600 14 - • PUNTO DE ACCESO ADICIONAL DE MATERIA - NOMBRE DE PERSONA
Nombre de persona Yourcenar, Marguerite,
Fechas asociadas al nombre 1903-1987
Subdivisión de forma (R ) Biografías.
650 14 - • PUNTO DE ACCESO ADICIONAL DE MATERIA - TÉRMINO DE MATERIA
Término de materia o nombre geográfico como elemento inicial Autores franceses
Subdivisión de forma Biografías.
700 1# - • PUNTO DE ACCESO ADICIONAL - NOMBRE DE PERSONA
Nombre de persona Mahecha Lp̤ez, Javier R.,
Término indicativo de función ed.
942 ## - ENTRADA DE ELEMENTOS AGREGADOS (KOHA)
Fuente de clasificaión o esquema Dewey Decimal Classification
Koha [por defecto] tipo de item LIbro
Existencias
Perdido Fuente de clasificación o esquema Estado Físico No para préstamo Forma de adquisición Localización permanente Localización actual Fecha adquisición Préstamos totales Signatura completa Código de barras Fecha última consulta Fecha del precio de reemplazo Tipo de item de Koha Fecha último préstamo
  Dewey Decimal Classification     Sala General Segundo Piso Biblioteca Pública Germán Arciniegas - Villavicencio Biblioteca Pública Germán Arciniegas - Villavicencio 03/18/2020   928.44 Y68r 32181 03/18/2020 03/18/2020 LIbro  
  Dewey Decimal Classification     Sala General Segundo Piso Biblioteca Pública Germán Arciniegas - Villavicencio Biblioteca Pública Germán Arciniegas - Villavicencio 03/18/2020 1 928.44 Y68r 32182 07/06/2020 03/18/2020 LIbro 06/24/2020









Instituto Departamental de Cultura del Meta - Red Departamental de Bibliotecas Públicas del Meta.